000 01397nam a2200337Ia 4500
001 ebr10463900
003 CaPaEBR
006 m u
007 cr cn|||||||||
008 030213s2002 enk sb 000 0 eng d
020 _z9781855752740
020 _z1855752743
040 _aCaPaEBR
_cCaPaEBR
035 _a(OCoLC)729246430
050 1 4 _aRC569.5.B67
_bK49 2002eb
245 0 0 _aKey papers on borderline disorders
_h[electronic resource] :
_bwith IJP internet discussion reviews /
_cedited by Paul Williams.
260 _aLondon ;
_aNew York, N.Y. :
_bKarnac,
_c2002.
300 _aviii, 243 p.
490 1 _aInternational journal of psychoanalysis key papers series
504 _aIncludes bibliographical references.
533 _aElectronic reproduction.
_bPalo Alto, Calif. :
_cebrary,
_d2011.
_nAvailable via World Wide Web.
_nAccess may be limited to ebrary affiliated libraries.
650 0 _aBorderline personality disorder.
650 0 _aPersonality disorders.
650 0 _aPsychoanalysis.
655 7 _aElectronic books.
_2local
700 1 _aWilliams, Paul,
_cD.P.M.
710 2 _aebrary, Inc.
730 0 _aInternational journal of psycho-analysis.
830 0 _aInternational journal of psychoanalysis key papers series.
856 4 0 _uhttp://site.ebrary.com/lib/rucke/Doc?id=10463900
_zAn electronic book accessible through the World Wide Web; click to view
999 _c129231
_d129231